00723nam a2200217Ia 4500999001500000020001800015082001800033100002300051245007400074260002800148300001300176440004600189504003400235650002500269650002000294650001500314650002800329650001500357942000700372952012600379 c5236d5236 a0-415-33967-7 a330.122 PAT-E aPatibandla, Murali 0aEvolution of markets and institutions: a study of an emerging economy aLondonbRoutledgec2006 axvi, 345 aRoutledge studies in developing economics aincludes appendices and index aEconomic development aEconomic policy aBankruptcy aInstitutional economics aCapitalism cBK 00104070aNASSDOCbNASSDOCd2006-10-18eVIBHAi2006-08-10l0o330.122 PAT-Ep42036r2019-04-18 00:00:00w2019-04-18yBK